|
|
|
|
| LEADER |
00000nam a2200000 a 4500 |
| 001 |
vtls001130969 |
| 003 |
SK-MaSNL |
| 005 |
20260301062925.0 |
| 008 |
250414s1990 pl 0 ger |
| 020 |
|
|
|a 8323102252
|
| 035 |
|
|
|a SNK000073819
|
| 040 |
|
|
|a SNK
|b slo
|c SNK
|e AACR2
|
| 041 |
0 |
|
|a ger
|
| 044 |
|
|
|a pl
|c PL
|
| 080 |
|
|
|a 271.024(4)(091)"12/15"
|2 1981
|
| 100 |
1 |
|
|a Nowak, Zenon Hubert
|d 1934-
|4 aut
|9 377881
|
| 245 |
1 |
4 |
|a Die Ritterorden zwischen geistlicher und weltlicher Macht im Mittealter
|c Zenon Hubert Nowak ; Hrsg. von Zenon Hubert Nowak
|
| 260 |
|
|
|a Torun
|b Uniwersytet Mikolaja Kopernika
|c 1990
|
| 300 |
|
|
|a 174, [2] s.
|c 23 cm
|
| 490 |
0 |
|
|a Colloquia Torunensia Historica
|v 5
|
| 500 |
|
|
|a p. aj: Ritterorden
|
| 700 |
1 |
|
|a Nowak, Zenon Hubert
|d 1934-
|4 apd
|9 377881
|
| 852 |
|
|
|a Slovenská národná knižnica
|
| 919 |
|
|
|a 83-231-0225-2
|
| 958 |
|
|
|a OND
|
| 999 |
|
|
|c 622313
|d 624243
|
| 952 |
|
|
|t P60, <04>, [BOOK], {604}
|a SNK
|b SNK
|y VYP
|7 0
|p 17A0315701
|o snkIC 119350
|0 0
|1 0
|4 0
|d 2001-09-19
|l 0
|r 2005-01-01 00:00:00
|w 2026-02-23
|